ՀՀ Գիտությունների ազգային ակադեմիայի հիմնարար գիտական գրադարան  =   Fundamental Scientific Library of NAS RA

Հայկական խորհրդային ֆոլկլորը : (Record no. 9937)

MARC details
000 -LEADER
fixed length control field 00931nam a2200217 a 4500
003 - CONTROL NUMBER IDENTIFIER
control field AM-YEHGA
005 - DATE AND TIME OF LATEST TRANSACTION
control field 20250618070851.0
008 - FIXED-LENGTH DATA ELEMENTS--GENERAL INFORMATION
fixed length control field 030329s1938 ai | |||| |0| | arm d
040 ## - CATALOGING SOURCE
Original cataloging agency AM-YeHGA
041 0# - LANGUAGE CODE
Language code of text/sound track or separate title arm
090 ## - LOCALLY ASSIGNED LC-TYPE CALL NUMBER (OCLC); LOCAL CALL NUMBER (RLIN)
-- 10008
245 00 - TITLE STATEMENT
Title Հայկական խորհրդային ֆոլկլորը :
Remainder of title Ժողովածու /
Statement of responsibility, etc. Խմբ.՝ Ս. Կարապետյան ; Պատմության յեվ գրականության ին-տ.
260 ## - PUBLICATION, DISTRIBUTION, ETC.
Place of publication, distribution, etc. Յերևան :
Name of publisher, distributor, etc. Ա. հ.,
Date of publication, distribution, etc. 1938.
300 ## - PHYSICAL DESCRIPTION
Extent 143 էջ ;
Dimensions 20 սմ.
500 ## - GENERAL NOTE
General note Բառարան՝ էջ 133-143
650 14 - SUBJECT ADDED ENTRY--TOPICAL TERM
Topical term or geographic name entry element Հայ գրականություն
General subdivision Բանահյուսություն
700 ## - ADDED ENTRY--PERSONAL NAME
Personal name Կարապետյան, Ս.
Relator term թարգմ.
Relationship edt
9 (RLIN) 538
710 2# - ADDED ENTRY--CORPORATE NAME
Corporate name or jurisdiction name as entry element Պատմության յեվ գրականության ինստիտուտ ՀԽՍՀ
856 1# - ELECTRONIC LOCATION AND ACCESS
Uniform Resource Identifier <a href="https://arar.sci.am/dlibra/publication/292329/edition/268384/content">https://arar.sci.am/dlibra/publication/292329/edition/268384/content</a>
Link text Կարդալ առցանց
942 ## - ADDED ENTRY ELEMENTS (KOHA)
Source of classification or shelving scheme Universal Decimal Classification
Koha item type Գրքեր / Books
Holdings
Withdrawn status Lost status Damaged status Not for loan Collection Home library Current library Date acquired Total checkouts Full call number Barcode Date last seen Price effective from Koha item type Public note Source of classification or shelving scheme
        General Fundamental Scientific Library Fundamental Scientific Library 21/12/2016   AII/30276 220030276 21/12/2016 21/12/2016 Գրքեր / Books 30 Days Loan  
        General Fundamental Scientific Library Fundamental Scientific Library 21/12/2016   AII/30277 220030277 21/12/2016 21/12/2016 Գրքեր / Books 30 Days Loan  
        Kusikian Individual Collection Fundamental Scientific Library Fundamental Scientific Library 22/12/2020   Կուս/1617 FL0629683 22/12/2020 22/12/2020 Գրքեր / Books ILL Non-Circ. Universal Decimal Classification
        Gharibyan individual Collection Fundamental Scientific Library Fundamental Scientific Library 06/04/2026   Ղար/554 FL0699968 06/04/2026 06/04/2026 Գրքեր / Books Չի սպասարկվում Universal Decimal Classification


ՀՀ ԳԱԱ հիմնարար գիտական գրադարան
ՀՀ,Երևան 0019
Մարշալ Բաղրամյան 24/6
հեռախոս:(374-10) 52-47-50
Հետադարձ կապ

All site content, except where otherwise noted, is licensed under a
Creative Commons License